000 00633nam a2200181Ia 4500
005 20250923145125.0
008 008 250917s9999 xx 000 0 eng d
037 _aTextual
040 _aDSWL
_beng
_cDSWL
041 _aeng
_2eng
084 _aY:45112:f.4451, N68
_qDSWL
100 _aRao, S.Venugopal
_9831991
245 0 _aMurder (A Pilot study of urban patterns particular REF to the city of Delhi)
_cby S.Venugopal Rao
260 _bResearch Division C.B.I Ministry of Home Affairs Govt of India
_c1968
300 _aix,198 p.
942 _cTEXL
_hY:45112:f.4451, N68
999 _c1447428
_d1447428